[Event "DEM U18 2021"]
[Site "Willingen GER"]
[Date "2021.08.23"]
[Round "1"]
[White "Lieberwirth, Kasimir"]
[Black "Wachinger, Nikolas"]
[Result "1/2-1/2"]
[Termination "normal"]
[Board "1"]
[WhiteElo "2074"]
[BlackElo "2361"]
[WhiteClock "01:27:44"]
[BlackClock "00:34:24"]
[PlyCount "44"]
[WhiteFideId "12988146"]
[BlackFideId "12962791"]
[EventCountry "GER"]
[EventRounds "9"]
[EventType "swiss"]
[EventDate "2021.08.22"]

1. e4 {[%clk 1:30:58]} c5 {[%clk 1:30:51]} 2. Nf3 {[%clk 1:31:23]} d6 {[%clk
1:31:13]} 3. d4 {[%clk 1:31:48]} cxd4 {[%clk 1:31:34]} 4. Nxd4 {[%clk 1:32:10]}
Nf6 {[%clk 1:31:57]} 5. Nc3 {[%clk 1:32:37]} a6 {[%clk 1:32:14]} 6. h4 {[%clk
1:32:54]} e5 {[%clk 1:32:27]} 7. Nb3 {[%clk 1:33:20]} Be7 {[%clk 1:32:08]} 8.
Bg5 {[%clk 1:33:35]} Be6 {[%clk 1:32:27]} 9. Bxf6 {[%clk 1:34:01]} Bxf6 {[%clk
1:32:48]} 10. g3 {[%clk 1:34:19]} Be7 {[%clk 1:32:43]} 11. Qd3 {[%clk 1:31:36]}
Nd7 {[%clk 1:30:35]} 12. O-O-O {[%clk 1:30:17]} b5 {[%clk 1:21:19]} 13. f4
{[%clk 1:29:28]} b4 {[%clk 1:13:19]} 14. Nd5 {[%clk 1:29:53]} Bxd5 {[%clk
1:13:06]} 15. Qxd5 {[%clk 1:30:01]} O-O {[%clk 1:13:03]} 16. Qb7 {[%clk
1:28:34]} a5 {[%clk 0:44:04]} 17. Bb5 {[%clk 1:28:45]} Nb6 {[%clk 0:42:01]} 18.
fxe5 {[%clk 1:28:39]} Rb8 {[%clk 0:42:04]} 19. Qc6 {[%clk 1:28:44]} Rc8 {[%clk
0:42:13]} 20. Qb7 {[%clk 1:29:08]} Rb8 {[%clk 0:37:20]} 21. Qc6 {[%clk
1:27:21]} Rc8 {[%clk 0:34:00]} 22. Qb7 {[%clk 1:27:44]} Rb8 {[%clk 0:34:24]}
1/2-1/2

[Event "DEM U18 2021"]
[Site "Willingen GER"]
[Date "2021.08.23"]
[Round "1"]
[White "Kölle, Tobias"]
[Black "Knüdel, Torben"]
[Result "1-0"]
[Termination "normal"]
[Board "2"]
[WhiteTitle "FM"]
[WhiteElo "2312"]
[BlackElo "2171"]
[WhiteClock "00:08:31"]
[BlackClock "00:01:20"]
[PlyCount "123"]
[WhiteFideId "16207378"]
[BlackFideId "16208820"]
[EventCountry "GER"]
[EventRounds "9"]
[EventType "swiss"]
[EventDate "2021.08.22"]

1. d4 {[%clk 1:30:56]} Nf6 {[%clk 1:30:52]} 2. c4 {[%clk 1:31:24]} e6 {[%clk
1:31:16]} 3. Nf3 {[%clk 1:31:50]} d5 {[%clk 1:31:37]} 4. Nc3 {[%clk 1:32:16]}
dxc4 {[%clk 1:32:02]} 5. e4 {[%clk 1:32:38]} b5 {[%clk 1:32:24]} 6. e5 Nd5
{[%clk 1:31:32]} 7. Nxb5 {[%clk 1:33:15]} Nb6 {[%clk 1:31:37]} 8. Be2 {[%clk
1:33:39]} Nc6 {[%clk 1:31:34]} 9. Be3 {[%clk 1:33:50]} Be7 {[%clk 1:28:08]} 10.
a3 {[%clk 1:34:09]} Bb7 {[%clk 1:16:37]} 11. Qc2 {[%clk 1:34:14]} Qd7 {[%clk
1:00:26]} 12. Nc3 {[%clk 1:34:38]} Na5 {[%clk 0:59:18]} 13. Rd1 {[%clk
1:31:03]} Nd5 {[%clk 0:42:00]} 14. Bd2 {[%clk 1:27:31]} O-O {[%clk 0:28:01]}
15. O-O {[%clk 1:23:39]} Rab8 {[%clk 0:23:15]} 16. Nxd5 {[%clk 1:16:21]} Qxd5
{[%clk 0:23:36]} 17. Qa4 {[%clk 1:16:35]} Qe4 {[%clk 0:16:33]} 18. Rfe1 {[%clk
1:06:58]} Nc6 {[%clk 0:16:52]} 19. Qxc4 {[%clk 1:04:37]} Rfd8 {[%clk 0:13:18]}
20. Bc3 {[%clk 1:01:48]} Qg6 {[%clk 0:10:14]} 21. Bd3 {[%clk 0:57:56]} Qh5
{[%clk 0:10:38]} 22. Be4 {[%clk 0:57:16]} Rd5 {[%clk 0:08:45]} 23. Bxd5 {[%clk
0:57:36]} exd5 {[%clk 0:09:10]} 24. Qe2 {[%clk 0:56:59]} Nd8 {[%clk 0:09:29]}
25. Nd2 {[%clk 0:55:30]} Qg6 {[%clk 0:09:54]} 26. Nf1 {[%clk 0:55:19]} Ne6
{[%clk 0:09:35]} 27. Qd3 {[%clk 0:53:46]} Qh6 {[%clk 0:08:19]} 28. Ne3 {[%clk
0:50:34]} Qh5 {[%clk 0:05:43]} 29. Qe2 {[%clk 0:44:41]} Qg6 {[%clk 0:06:06]}
30. Qf3 {[%clk 0:43:13]} Bg5 {[%clk 0:05:59]} 31. Nf5 {[%clk 0:40:23]} Kh8
{[%clk 0:06:06]} 32. h4 {[%clk 0:37:17]} Bf4 {[%clk 0:04:29]} 33. Ne7 {[%clk
0:35:43]} Qh6 {[%clk 0:04:56]} 34. g3 {[%clk 0:34:29]} Re8 {[%clk 0:05:07]} 35.
Nf5 {[%clk 0:30:46]} Qg6 {[%clk 0:05:26]} 36. Qd3 {[%clk 0:29:59]} Qg4 {[%clk
0:03:18]} 37. Ne3 {[%clk 0:28:44]} Bxe3 {[%clk 0:03:15]} 38. Qxe3 {[%clk
0:28:43]} g5 {[%clk 0:02:48]} 39. Rd3 {[%clk 0:20:15]} gxh4 {[%clk 0:00:46]}
40. Qf3 {[%clk 0:20:35]} Rg8 {[%clk 0:00:42]} 41. Qxg4 {[%clk 0:16:27]} Rxg4
{[%clk 0:30:09]} 42. Kh2 {[%clk 0:40:07]} c5 {[%clk 0:27:25]} 43. Rf3 {[%clk
0:31:50]} cxd4 {[%clk 0:19:53]} 44. Bd2 {[%clk 0:31:26]} Kg7 {[%clk 0:17:06]}
45. Rg1 {[%clk 0:24:36]} h3 {[%clk 0:14:43]} 46. Rb3 {[%clk 0:22:42]} Ba6
{[%clk 0:08:17]} 47. f3 {[%clk 0:21:31]} Rg6 {[%clk 0:08:43]} 48. Rc1 {[%clk
0:18:37]} d3 {[%clk 0:06:51]} 49. Rb4 {[%clk 0:16:56]} Ng5 {[%clk 0:02:00]} 50.
Bxg5 {[%clk 0:15:50]} Rxg5 {[%clk 0:02:29]} 51. f4 {[%clk 0:16:12]} Rg6 {[%clk
0:02:54]} 52. Kxh3 {[%clk 0:15:17]} Bc4 {[%clk 0:01:05]} 53. b3 {[%clk
0:14:11]} a5 {[%clk 0:01:34]} 54. Rb8 {[%clk 0:13:40]} Ba6 {[%clk 0:01:07]} 55.
Rd8 {[%clk 0:12:44]} Rh6+ {[%clk 0:01:29]} 56. Kg2 {[%clk 0:13:02]} Rb6 {[%clk
0:01:56]} 57. Rd6 {[%clk 0:07:56]} Rxd6 {[%clk 0:00:59]} 58. exd6 {[%clk
0:08:25]} Bc8 {[%clk 0:00:39]} 59. Kf2 {[%clk 0:08:10]} Bf5 {[%clk 0:00:55]}
60. g4 {[%clk 0:07:58]} Bxg4 {[%clk 0:00:52]} 61. Rg1 {[%clk 0:08:22]} h5
{[%clk 0:01:20]} 62. d7 {[%clk 0:08:31]} 1-0

[Event "DEM U18 2021"]
[Site "Willingen GER"]
[Date "2021.08.23"]
[Round "1"]
[White "Biermann, Lenhard"]
[Black "Fromm, Marius"]
[Result "0-1"]
[Termination "normal"]
[Board "3"]
[BlackTitle "FM"]
[WhiteElo "2160"]
[BlackElo "2342"]
[WhiteClock "00:15:49"]
[BlackClock "00:32:46"]
[PlyCount "94"]
[WhiteFideId "12970077"]
[BlackFideId "12993190"]
[EventCountry "GER"]
[EventRounds "9"]
[EventType "swiss"]
[EventDate "2021.08.22"]

1. d4 {[%clk 1:30:57]} Nf6 {[%clk 1:30:51]} 2. c4 {[%clk 1:31:15]} e6 {[%clk
1:31:15]} 3. Nf3 {[%clk 1:30:59]} d5 {[%clk 1:31:35]} 4. g3 {[%clk 1:31:20]}
dxc4 {[%clk 1:31:58]} 5. Qa4+ {[%clk 1:28:02]} Nbd7 {[%clk 1:25:01]} 6. Qxc4
{[%clk 1:23:00]} a6 {[%clk 1:24:46]} 7. Bg2 {[%clk 1:21:22]} b5 {[%clk
1:18:32]} 8. Qd3 {[%clk 1:15:07]} Bb7 {[%clk 1:18:33]} 9. O-O {[%clk 1:15:11]}
c5 {[%clk 1:16:08]} 10. Bg5 {[%clk 1:01:40]} h6 {[%clk 1:05:45]} 11. Bxf6
{[%clk 1:01:19]} Nxf6 {[%clk 1:05:52]} 12. Rd1 {[%clk 0:58:23]} c4 {[%clk
0:58:14]} 13. Qc2 {[%clk 0:54:58]} Be7 {[%clk 0:58:23]} 14. a3 {[%clk 0:50:11]}
O-O {[%clk 0:56:50]} 15. Nc3 {[%clk 0:49:13]} Qb6 {[%clk 0:55:06]} 16. e4
{[%clk 0:43:18]} Rfd8 {[%clk 0:53:10]} 17. Qe2 {[%clk 0:27:37]} Rac8 {[%clk
0:51:24]} 18. e5 {[%clk 0:22:33]} Nd5 {[%clk 0:51:52]} 19. Ne1 {[%clk 0:19:46]}
a5 {[%clk 0:48:41]} 20. Nc2 {[%clk 0:15:50]} b4 {[%clk 0:42:20]} 21. axb4
{[%clk 0:16:08]} axb4 {[%clk 0:42:14]} 22. Ne4 {[%clk 0:11:19]} c3 {[%clk
0:32:17]} 23. b3 {[%clk 0:10:57]} Ra8 {[%clk 0:31:59]} 24. Qe1 {[%clk 0:10:07]}
Nc7 {[%clk 0:31:21]} 25. Qe3 {[%clk 0:07:35]} Rxa1 {[%clk 0:30:29]} 26. Rxa1
{[%clk 0:07:54]} Nb5 {[%clk 0:30:25]} 27. Rd1 {[%clk 0:06:28]} Bd5 {[%clk
0:29:09]} 28. Rb1 {[%clk 0:05:45]} Ra8 {[%clk 0:28:22]} 29. Bf1 {[%clk
0:04:22]} Ra2 {[%clk 0:25:32]} 30. Bd3 {[%clk 0:03:55]} Bf8 {[%clk 0:17:54]}
31. Nc5 {[%clk 0:02:05]} Na3 {[%clk 0:09:03]} 32. Rc1 {[%clk 0:01:39]} Nxc2
{[%clk 0:09:05]} 33. Bxc2 {[%clk 0:01:47]} Bxc5 {[%clk 0:07:43]} 34. dxc5
{[%clk 0:01:57]} Qb5 {[%clk 0:07:31]} 35. h4 {[%clk 0:01:16]} Ra5 {[%clk
0:04:16]} 36. h5 {[%clk 0:01:08]} Kf8 {[%clk 0:03:46]} 37. Re1 {[%clk 0:00:41]}
Qxc5 {[%clk 0:03:07]} 38. Qd3 {[%clk 0:00:59]} Ra2 {[%clk 0:03:22]} 39. Rf1
{[%clk 0:00:43]} Ke7 {[%clk 0:01:36]} 40. Rb1 {[%clk 0:00:36]} Bc6 {[%clk
0:00:48]} 41. Rd1 {[%clk 0:16:05]} Qd5 {[%clk 0:30:57]} 42. Qxd5 {[%clk
0:15:56]} Bxd5 {[%clk 0:31:23]} 43. Rc1 {[%clk 0:15:15]} Rxc2 {[%clk 0:31:25]}
44. Rxc2 {[%clk 0:15:32]} Bxb3 {[%clk 0:31:52]} 45. Rc1 {[%clk 0:15:18]} Ba2
{[%clk 0:32:08]} 46. Kg2 {[%clk 0:15:27]} b3 {[%clk 0:32:19]} 47. Rxc3 {[%clk
0:15:49]} b2 {[%clk 0:32:46]} 0-1

[Event "DEM U18 2021"]
[Site "Willingen GER"]
[Date "2021.08.23"]
[Round "1"]
[White "Suvorov, Alexander"]
[Black "Bethke, Robert"]
[Result "1-0"]
[Termination "normal"]
[Board "4"]
[WhiteTitle "FM"]
[WhiteElo "2333"]
[BlackElo "2100"]
[WhiteClock "00:02:53"]
[BlackClock "00:08:41"]
[PlyCount "79"]
[WhiteFideId "12977063"]
[BlackFideId "12959251"]
[EventCountry "GER"]
[EventRounds "9"]
[EventType "swiss"]
[EventDate "2021.08.22"]

1. d4 {[%clk 1:30:51]} d5 {[%clk 1:30:57]} 2. Nc3 {[%clk 1:31:12]} Nf6 {[%clk
1:30:48]} 3. Bf4 {[%clk 1:31:35]} a6 {[%clk 1:30:23]} 4. e3 {[%clk 1:31:27]}
Bf5 {[%clk 1:28:48]} 5. f3 {[%clk 1:30:22]} e6 {[%clk 1:27:04]} 6. g4 {[%clk
1:29:43]} Bg6 {[%clk 1:27:29]} 7. h4 {[%clk 1:30:01]} h6 {[%clk 1:27:47]} 8.
Bd3 {[%clk 1:26:13]} Bxd3 {[%clk 1:27:42]} 9. cxd3 {[%clk 1:17:39]} Nbd7 {[%clk
1:22:15]} 10. Nge2 {[%clk 1:12:10]} Be7 {[%clk 1:16:58]} 11. Kf2 {[%clk
0:59:57]} c5 {[%clk 1:15:10]} 12. dxc5 {[%clk 0:46:36]} e5 {[%clk 1:12:32]} 13.
Bg3 {[%clk 0:46:20]} d4 {[%clk 1:04:41]} 14. exd4 {[%clk 0:39:47]} exd4 {[%clk
1:05:04]} 15. Ne4 {[%clk 0:38:18]} Nxc5 {[%clk 0:58:46]} 16. Nxc5 {[%clk
0:32:23]} Bxc5 {[%clk 0:58:20]} 17. Rc1 {[%clk 0:32:42]} b6 {[%clk 0:49:14]}
18. Qa4+ {[%clk 0:30:39]} Qd7 {[%clk 0:48:05]} 19. Qxd7+ {[%clk 0:29:13]} Nxd7
{[%clk 0:47:52]} 20. Nf4 {[%clk 0:26:49]} O-O {[%clk 0:47:30]} 21. Nd5 {[%clk
0:24:30]} Nf6 {[%clk 0:45:17]} 22. Nxf6+ {[%clk 0:20:53]} gxf6 {[%clk 0:43:26]}
23. Bf4 {[%clk 0:21:22]} Kg7 {[%clk 0:43:21]} 24. Rc4 {[%clk 0:19:32]} Rfd8
{[%clk 0:42:07]} 25. Re1 {[%clk 0:15:58]} a5 {[%clk 0:37:51]} 26. a3 {[%clk
0:14:55]} Ra7 {[%clk 0:30:44]} 27. Re4 {[%clk 0:12:35]} Rd5 {[%clk 0:26:43]}
28. Kg3 {[%clk 0:10:07]} b5 {[%clk 0:25:41]} 29. Rc2 {[%clk 0:09:00]} Rb7
{[%clk 0:25:09]} 30. Re8 {[%clk 0:07:38]} b4 {[%clk 0:19:14]} 31. axb4 {[%clk
0:07:48]} Rxb4 {[%clk 0:14:03]} 32. Ra8 {[%clk 0:07:19]} Rb5 {[%clk 0:11:26]}
33. Re2 {[%clk 0:06:50]} Re5 {[%clk 0:10:20]} 34. Bxe5 {[%clk 0:05:51]} fxe5
{[%clk 0:10:45]} 35. Rd8 {[%clk 0:02:57]} Be7 {[%clk 0:08:52]} 36. Rd7 {[%clk
0:03:15]} Bf6 {[%clk 0:08:08]} 37. Rc2 {[%clk 0:02:14]} e4 {[%clk 0:08:24]} 38.
fxe4 {[%clk 0:02:22]} Rb3 {[%clk 0:08:35]} 39. Rd2 {[%clk 0:02:42]} a4 {[%clk
0:08:41]} 40. Rd5 {[%clk 0:02:53]} 1-0

[Event "DEM U18 2021"]
[Site "Willingen GER"]
[Date "2021.08.23"]
[Round "1"]
[White "Mooser, Nicolas"]
[Black "Stork, Oliver"]
[Result "0-1"]
[Termination "normal"]
[Board "5"]
[BlackTitle "FM"]
[WhiteElo "2107"]
[BlackElo "2365"]
[WhiteClock "00:02:11"]
[BlackClock "00:10:05"]
[PlyCount "74"]
[WhiteFideId "12979406"]
[BlackFideId "12955728"]
[EventCountry "GER"]
[EventRounds "9"]
[EventType "swiss"]
[EventDate "2021.08.22"]

1. d4 {[%clk 1:30:56]} Nf6 {[%clk 1:30:55]} 2. c4 {[%clk 1:31:19]} g6 {[%clk
1:31:18]} 3. g3 {[%clk 1:31:18]} Bg7 {[%clk 1:31:41]} 4. Bg2 {[%clk 1:31:43]}
O-O {[%clk 1:31:59]} 5. Nf3 {[%clk 1:31:59]} d6 {[%clk 1:32:10]} 6. O-O {[%clk
1:32:18]} c6 {[%clk 1:32:30]} 7. Nc3 {[%clk 1:31:26]} Qb6 {[%clk 1:32:40]} 8.
e4 {[%clk 1:19:20]} Bg4 {[%clk 1:32:51]} 9. Rb1 {[%clk 1:14:38]} Nfd7 {[%clk
1:31:58]} 10. Be3 {[%clk 1:10:32]} c5 {[%clk 1:31:19]} 11. b4 {[%clk 0:41:32]}
cxd4 {[%clk 1:10:36]} 12. Nd5 {[%clk 0:40:45]} Qd8 {[%clk 1:10:55]} 13. Bxd4
{[%clk 0:40:45]} Nc6 {[%clk 1:10:15]} 14. Bxg7 {[%clk 0:40:12]} Kxg7 {[%clk
1:10:39]} 15. Qb3 {[%clk 0:38:31]} Bxf3 {[%clk 1:10:01]} 16. Qxf3 {[%clk
0:38:21]} a5 {[%clk 1:05:59]} 17. a3 {[%clk 0:33:35]} axb4 {[%clk 0:43:11]} 18.
axb4 {[%clk 0:32:50]} Nb6 {[%clk 0:43:13]} 19. c5 {[%clk 0:27:11]} Na4 {[%clk
0:42:42]} 20. Rfc1 {[%clk 0:24:11]} e6 {[%clk 0:38:47]} 21. Nc3 {[%clk
0:20:35]} dxc5 {[%clk 0:28:57]} 22. Nxa4 {[%clk 0:19:55]} Rxa4 {[%clk 0:29:27]}
23. bxc5 {[%clk 0:19:52]} Qc7 {[%clk 0:29:28]} 24. Qb3 {[%clk 0:17:58]} Ra7
{[%clk 0:22:58]} 25. Qb6 {[%clk 0:16:59]} Qe5 {[%clk 0:18:05]} 26. Rd1 {[%clk
0:13:16]} Rfa8 {[%clk 0:18:17]} 27. h3 {[%clk 0:12:15]} Ra2 {[%clk 0:13:09]}
28. Rf1 {[%clk 0:09:17]} R8a7 {[%clk 0:09:31]} 29. Kh2 {[%clk 0:07:01]} Rc2
{[%clk 0:08:54]} 30. Rbc1 {[%clk 0:01:10]} Rb2 {[%clk 0:08:57]} 31. f4 {[%clk
0:01:34]} Qd4 {[%clk 0:09:01]} 32. Rcd1 {[%clk 0:01:22]} Raa2 {[%clk 0:08:35]}
33. Rg1 {[%clk 0:01:08]} Rxg2+ {[%clk 0:08:32]} 34. Rxg2 {[%clk 0:01:32]} Rxg2+
{[%clk 0:08:56]} 35. Kxg2 {[%clk 0:01:56]} Qxd1 {[%clk 0:09:19]} 36. Qxb7
{[%clk 0:01:50]} Qe2+ {[%clk 0:09:41]} 37. Kg1 {[%clk 0:02:11]} Nd4 {[%clk
0:10:05]} 0-1

[Event "DEM U18 2021"]
[Site "Willingen GER"]
[Date "2021.08.23"]
[Round "1"]
[White "Kolb, Tobias"]
[Black "Hofmann, Lorenz"]
[Result "0-1"]
[Termination "normal"]
[Board "6"]
[WhiteTitle "FM"]
[WhiteElo "2307"]
[BlackElo "2071"]
[WhiteClock "00:00:38"]
[BlackClock "00:03:10"]
[PlyCount "78"]
[WhiteFideId "12992321"]
[BlackFideId "12995509"]
[EventCountry "GER"]
[EventRounds "9"]
[EventType "swiss"]
[EventDate "2021.08.22"]

1. d4 {[%clk 1:30:58]} d5 {[%clk 1:30:55]} 2. c4 {[%clk 1:31:25]} e6 {[%clk
1:31:21]} 3. Nc3 {[%clk 1:31:51]} Nf6 {[%clk 1:31:46]} 4. cxd5 {[%clk 1:31:51]}
exd5 {[%clk 1:32:08]} 5. Bg5 {[%clk 1:32:17]} Be7 {[%clk 1:32:26]} 6. e3 {[%clk
1:32:43]} O-O {[%clk 1:32:09]} 7. Bd3 {[%clk 1:32:46]} c6 {[%clk 1:31:42]} 8.
Nge2 {[%clk 1:32:53]} Nbd7 {[%clk 1:23:41]} 9. O-O {[%clk 1:30:16]} Ne4 {[%clk
1:19:47]} 10. Bxe7 {[%clk 1:29:17]} Qxe7 {[%clk 1:19:57]} 11. Bxe4 {[%clk
1:29:10]} dxe4 {[%clk 1:20:20]} 12. d5 {[%clk 1:17:28]} cxd5 {[%clk 1:13:35]}
13. Nxd5 {[%clk 1:11:10]} Qe5 {[%clk 1:12:40]} 14. Rc1 {[%clk 1:01:52]} b6
{[%clk 0:54:35]} 15. Nc7 {[%clk 0:51:15]} Rb8 {[%clk 0:54:39]} 16. b4 {[%clk
0:46:50]} Nf6 {[%clk 0:44:36]} 17. Qd4 {[%clk 0:44:05]} Qe7 {[%clk 0:42:25]}
18. b5 {[%clk 0:30:34]} Rd8 {[%clk 0:39:12]} 19. Qa4 {[%clk 0:30:36]} Ng4
{[%clk 0:30:39]} 20. Ng3 {[%clk 0:25:04]} Qh4 {[%clk 0:28:20]} 21. h3 {[%clk
0:25:30]} Nxf2 {[%clk 0:23:45]} 22. Rxf2 {[%clk 0:22:41]} Qxg3 {[%clk 0:23:33]}
23. Qxe4 {[%clk 0:17:33]} Bxh3 {[%clk 0:17:17]} 24. Qf4 {[%clk 0:08:55]} Qxf4
{[%clk 0:15:35]} 25. Rxf4 {[%clk 0:09:17]} Bc8 {[%clk 0:13:29]} 26. Ra4 {[%clk
0:08:10]} Rb7 {[%clk 0:12:35]} 27. Nd5 {[%clk 0:07:06]} Be6 {[%clk 0:10:39]}
28. Nb4 {[%clk 0:06:00]} h6 {[%clk 0:09:38]} 29. Nc6 {[%clk 0:06:06]} Rd2
{[%clk 0:09:25]} 30. a3 {[%clk 0:00:37]} Ra2 {[%clk 0:03:14]} 31. Nxa7 Bd5
{[%clk 0:03:28]} 32. e4 {[%clk 0:00:35]} Bxe4 {[%clk 0:03:34]} 33. Rxe4 {[%clk
0:00:32]} Rxa7 34. a4 {[%clk 0:00:32]} Rd7 {[%clk 0:02:53]} 35. Rc6 {[%clk
0:00:37]} Rdd2 {[%clk 0:03:16]} 36. Rg4 {[%clk 0:01:04]} h5 {[%clk 0:02:43]}
37. Rg5 {[%clk 0:01:23]} g6 {[%clk 0:02:43]} 38. Rxb6 {[%clk 0:01:33]} Rxa4
{[%clk 0:03:06]} 39. Rb7 {[%clk 0:00:38]} Rb4 {[%clk 0:03:10]} 0-1

[Event "DEM U18 2021"]
[Site "Willingen GER"]
[Date "2021.08.23"]
[Round "1"]
[White "Geltz, Noah"]
[Black "Woelk, Tom-Frederic"]
[Result "0-1"]
[Termination "normal"]
[Board "7"]
[BlackTitle "FM"]
[WhiteElo "2048"]
[BlackElo "2314"]
[WhiteClock "00:00:32"]
[BlackClock "01:07:13"]
[PlyCount "39"]
[WhiteFideId "16224256"]
[BlackFideId "12993077"]
[EventCountry "GER"]
[EventRounds "9"]
[EventType "swiss"]
[EventDate "2021.08.22"]

1. e4 {[%clk 1:30:57]} c5 {[%clk 1:30:54]} 2. Nf3 {[%clk 1:31:20]} e6 {[%clk
1:31:20]} 3. b3 {[%clk 1:31:19]} a6 {[%clk 1:31:43]} 4. c4 {[%clk 1:26:08]} Nc6
{[%clk 1:31:49]} 5. Bb2 {[%clk 1:22:49]} Qc7 {[%clk 1:31:24]} 6. d4 {[%clk
1:14:49]} cxd4 {[%clk 1:31:47]} 7. Nxd4 {[%clk 1:14:25]} Qe5 {[%clk 1:31:59]}
8. Bc3 {[%clk 0:54:02]} Bb4 {[%clk 1:27:48]} 9. Bxb4 {[%clk 0:49:45]} Nxb4
{[%clk 1:28:00]} 10. Na3 {[%clk 0:44:23]} Qa5 {[%clk 1:27:17]} 11. Nb1 {[%clk
0:33:53]} Nc2+ {[%clk 1:26:59]} 12. Ke2 {[%clk 0:34:15]} Nxa1 {[%clk 1:27:13]}
13. Qd2 {[%clk 0:34:31]} Qh5+ {[%clk 1:21:08]} 14. f3 {[%clk 0:31:50]} Nf6
{[%clk 1:19:50]} 15. g4 {[%clk 0:29:00]} Qh4 {[%clk 1:17:40]} 16. Bg2 {[%clk
0:19:07]} d5 {[%clk 1:15:01]} 17. g5 {[%clk 0:16:00]} Nh5 {[%clk 1:14:23]} 18.
Nc3 {[%clk 0:05:30]} Nf4+ {[%clk 1:07:40]} 19. Kd1 {[%clk 0:03:39]} dxc4 {[%clk
1:07:13]} 20. bxc4 {[%clk 0:00:32]} 0-1

[Event "DEM U18 2021"]
[Site "Willingen GER"]
[Date "2021.08.23"]
[Round "1"]
[White "Nguyen, Alex Dac-Vuong"]
[Black "Popist, Florian"]
[Result "1-0"]
[Termination "normal"]
[Board "8"]
[WhiteTitle "FM"]
[WhiteElo "2290"]
[BlackElo "2077"]
[WhiteClock "00:26:52"]
[BlackClock "00:01:02"]
[PlyCount "75"]
[WhiteFideId "12984388"]
[BlackFideId "16203518"]
[EventCountry "GER"]
[EventRounds "9"]
[EventType "swiss"]
[EventDate "2021.08.22"]

1. e4 {[%clk 1:30:56]} c5 {[%clk 1:30:55]} 2. Nf3 {[%clk 1:31:21]} Nc6 {[%clk
1:31:20]} 3. Bb5 {[%clk 1:31:32]} g6 {[%clk 1:31:42]} 4. O-O {[%clk 1:31:55]}
Bg7 {[%clk 1:32:07]} 5. c3 {[%clk 1:32:19]} Nf6 {[%clk 1:32:29]} 6. Re1 {[%clk
1:32:44]} O-O {[%clk 1:32:52]} 7. d4 {[%clk 1:33:09]} d5 {[%clk 1:33:13]} 8. e5
{[%clk 1:33:34]} Ne4 {[%clk 1:33:34]} 9. Be3 {[%clk 1:34:00]} cxd4 {[%clk
1:31:26]} 10. cxd4 {[%clk 1:34:23]} Qb6 {[%clk 1:30:01]} 11. Bxc6 {[%clk
1:34:47]} bxc6 {[%clk 1:26:01]} 12. Qc1 {[%clk 1:35:09]} f6 {[%clk 1:18:08]}
13. Nc3 {[%clk 1:26:02]} Nxc3 {[%clk 1:01:03]} 14. Qxc3 {[%clk 1:26:08]} Rb8
{[%clk 0:53:20]} 15. b3 {[%clk 1:26:04]} Bg4 {[%clk 0:44:25]} 16. Nd2 {[%clk
1:18:15]} Rbc8 {[%clk 0:31:54]} 17. b4 {[%clk 1:15:47]} Qc7 {[%clk 0:31:18]}
18. Bf4 {[%clk 1:07:15]} g5 {[%clk 0:27:58]} 19. Bg3 {[%clk 1:07:41]} f5 {[%clk
0:27:26]} 20. f4 {[%clk 1:03:21]} Bh6 {[%clk 0:24:54]} 21. Qe3 {[%clk 1:03:01]}
gxf4 {[%clk 0:19:52]} 22. Bxf4 {[%clk 1:03:23]} Bxf4 {[%clk 0:17:45]} 23. Qxf4
{[%clk 1:02:05]} Kh8 {[%clk 0:17:59]} 24. Nb3 {[%clk 1:01:43]} Rg8 {[%clk
0:17:16]} 25. Re3 {[%clk 0:59:33]} e6 {[%clk 0:14:27]} 26. Nc5 {[%clk 0:55:29]}
Qe7 {[%clk 0:14:45]} 27. Rg3 {[%clk 0:46:46]} Be2 {[%clk 0:12:33]} 28. Qh6
{[%clk 0:38:55]} Rce8 {[%clk 0:11:04]} 29. Rxg8+ {[%clk 0:36:32]} Kxg8 {[%clk
0:11:27]} 30. Re1 {[%clk 0:36:54]} Bc4 {[%clk 0:11:03]} 31. Re3 {[%clk
0:36:48]} Qf7 {[%clk 0:06:41]} 32. a3 {[%clk 0:34:51]} Kh8 {[%clk 0:02:33]} 33.
Rg3 {[%clk 0:33:17]} f4 {[%clk 0:02:29]} 34. Rf3 {[%clk 0:31:53]} Qf5 {[%clk
0:01:44]} 35. h3 {[%clk 0:26:32]} Rg8 {[%clk 0:00:50]} 36. Qxf4 {[%clk
0:26:35]} Qc2 {[%clk 0:00:38]} 37. Qf6+ {[%clk 0:26:55]} Rg7 {[%clk 0:01:02]}
38. Rg3 {[%clk 0:26:52]} 1-0

[Event "DEM U18 2021"]
[Site "Willingen GER"]
[Date "2021.08.23"]
[Round "1"]
[White "Khachatryan, Taron"]
[Black "Suvorov, Luca"]
[Result "1/2-1/2"]
[Termination "normal"]
[Board "9"]
[BlackTitle "FM"]
[WhiteElo "2065"]
[BlackElo "2292"]
[WhiteClock "00:01:55"]
[BlackClock "00:01:09"]
[PlyCount "80"]
[WhiteFideId "16216598"]
[BlackFideId "12977071"]
[EventCountry "GER"]
[EventRounds "9"]
[EventType "swiss"]
[EventDate "2021.08.22"]

1. d4 {[%clk 1:30:46]} Nf6 {[%clk 1:30:53]} 2. c4 {[%clk 1:30:57]} e6 {[%clk
1:31:14]} 3. Nf3 {[%clk 1:30:48]} d5 {[%clk 1:31:19]} 4. Nc3 {[%clk 1:30:35]}
Be7 {[%clk 1:25:07]} 5. Qc2 {[%clk 1:24:50]} O-O {[%clk 1:19:10]} 6. Bg5 {[%clk
1:22:52]} h6 {[%clk 1:06:08]} 7. Bh4 {[%clk 1:21:02]} dxc4 {[%clk 1:00:22]} 8.
e3 {[%clk 1:19:32]} a6 {[%clk 0:55:12]} 9. Bxc4 {[%clk 1:17:52]} b5 {[%clk
0:54:25]} 10. Bd3 {[%clk 1:12:26]} Bb7 {[%clk 0:52:16]} 11. Ne4 {[%clk
1:05:06]} Bb4+ {[%clk 0:40:04]} 12. Kf1 {[%clk 1:05:28]} Nbd7 {[%clk 0:29:54]}
13. Ne5 {[%clk 0:56:51]} Be7 {[%clk 0:24:34]} 14. Nc6 {[%clk 0:50:19]} Bxc6
{[%clk 0:20:34]} 15. Qxc6 {[%clk 0:50:11]} Nd5 {[%clk 0:16:10]} 16. Bxe7 {[%clk
0:35:10]} Qxe7 {[%clk 0:16:29]} 17. g3 {[%clk 0:27:33]} Nb4 {[%clk 0:11:35]}
18. Qc3 {[%clk 0:27:32]} e5 {[%clk 0:10:20]} 19. Kg2 {[%clk 0:22:24]} Rad8
{[%clk 0:04:45]} 20. Bb1 {[%clk 0:19:07]} exd4 {[%clk 0:03:08]} 21. exd4 {[%clk
0:19:22]} Nd5 {[%clk 0:02:27]} 22. Qf3 {[%clk 0:19:22]} f5 {[%clk 0:01:53]} 23.
Nc3 {[%clk 0:19:29]} N7b6 {[%clk 0:01:48]} 24. Bc2 {[%clk 0:14:48]} Kh8 {[%clk
0:01:16]} 25. Rhe1 {[%clk 0:15:08]} Qd7 {[%clk 0:00:42]} 26. Re5 {[%clk
0:14:25]} Nb4 {[%clk 0:00:37]} 27. Rxf5 {[%clk 0:13:46]} Rxf5 {[%clk 0:00:38]}
28. Bxf5 {[%clk 0:14:12]} Qf7 {[%clk 0:00:42]} 29. a3 {[%clk 0:09:28]} N4d5
{[%clk 0:01:02]} 30. Be4 {[%clk 0:09:21]} Qxf3+ {[%clk 0:00:52]} 31. Bxf3
{[%clk 0:09:47]} Ne7 {[%clk 0:00:44]} 32. Re1 {[%clk 0:04:31]} Nf5 {[%clk
0:00:56]} 33. Bb7 {[%clk 0:04:19]} Nxd4 {[%clk 0:00:44]} 34. Bxa6 {[%clk
0:04:20]} c6 {[%clk 0:01:02]} 35. Rd1 {[%clk 0:00:47]} Rd7 {[%clk 0:00:35]} 36.
Bb7 {[%clk 0:00:33]} Rxb7 {[%clk 0:00:38]} 37. Rxd4 {[%clk 0:01:02]} Nc4 {[%clk
0:00:59]} 38. a4 {[%clk 0:01:01]} Nxb2 {[%clk 0:00:46]} 39. axb5 {[%clk
0:01:30]} cxb5 {[%clk 0:00:54]} 40. Rb4 {[%clk 0:01:55]} Nd3 {[%clk 0:01:09]}
1/2-1/2